000 01072cam a22002774a 4500
001 14069989
003 ARRUPE
005 20131126143524.0
008 050810s2005 miu b 000 0 eng
010 _a 2005052105
020 _a0802849091 (alk. paper)
040 _aDLC
_cDLC
_dDLC
042 _apcc
050 0 0 _aBX4827.
_bP34G828 2005
100 1 _aGrenz, Stanley J.
_q(Stanley James),
_d1950-2005.
_93985
245 1 0 _aReason for hope :
_bthe Systematic theology of Wolfhart Pannenberg /
_cStanley J. Grenz.
250 _a2nd ed.
260 _aGrand Rapids, Mich. :
_bW.B. Eerdmans Pub.Co.,
_cc2005.
300 _av, 318 p. ;
_c23 cm.
504 _aIncludes bibliographical references (p. 298-310) and index.
600 1 0 _aPannenberg, Wolfhart,
_d1928-
_tSystematische Theologie.
_93986
650 0 _aTheology, Doctrinal.
_93987
906 _a7
_bcbc
_corignew
_d1
_eocip
_f20
_gy-gencatlg
942 _2lcc
_cMONOGRAPH
999 _c118723
_d118723